Detalles MARC
| 000 -LEADER |
| fixed length control field |
01749nam a2200445Ii 4500 |
| 001 - CONTROL NUMBER |
| control field |
DIGBIN07005 |
| 003 - CONTROL NUMBER IDENTIFIER |
| control field |
NyNyDIG |
| 006 - FIXED-LENGTH DATA ELEMENTS--ADDITIONAL MATERIAL CHARACTERISTICS |
| fixed length control field |
m o d |
| 007 - PHYSICAL DESCRIPTION FIXED FIELD--GENERAL INFORMATION |
| fixed length control field |
cr ||||||||||| |
| 008 - FIXED-LENGTH DATA ELEMENTS--GENERAL INFORMATION |
| fixed length control field |
121101s2012 sp ob 000 0 spa d |
| 020 ## - INTERNATIONAL STANDARD BOOK NUMBER |
| International Standard Book Number |
9788415555124 |
| Qualifying information |
(eBook) |
| 020 ## - INTERNATIONAL STANDARD BOOK NUMBER |
| Canceled/invalid ISBN |
9788415555049 |
| 035 ## - SYSTEM CONTROL NUMBER |
| System control number |
(OCoLC)888258110 |
| 040 ## - CATALOGING SOURCE |
| Original cataloging agency |
DGITA |
| Language of cataloging |
eng |
| Description conventions |
pn |
| Transcribing agency |
DGITA |
| 041 1# - LANGUAGE CODE |
| Language code of text/sound track or separate title |
spa |
| Language code of original |
fre |
| 050 14 - LIBRARY OF CONGRESS CALL NUMBER |
| Classification number |
HQ12 eBook |
| 100 1# - MAIN ENTRY--PERSONAL NAME |
| Personal name |
Foucault, Michel, |
| Dates associated with a name |
1926-1984. |
| 240 10 - UNIFORM TITLE |
| Uniform title |
Historie de la sexualité. |
| Language of a work |
Spanish |
| 245 10 - TITLE STATEMENT |
| Title |
Historia de la sexualidad : |
| Number of part/section of a work |
vol. 1. |
| Remainder of title |
la voluntad del saber / |
| Statement of responsibility, etc. |
por Michel Foucault [traducción de Ulises Guiñazú]. |
| 246 30 - VARYING FORM OF TITLE |
| Title proper/short title |
Voluntad del saber |
| 250 ## - EDITION STATEMENT |
| Edition statement |
1. ed. en Editorial Biblioteca Nueva, |
| 264 #1 - PRODUCTION, PUBLICATION, DISTRIBUTION, MANUFACTURE, AND COPYRIGHT NOTICE |
| Place of production, publication, distribution, manufacture |
Madrid : |
| Name of producer, publisher, distributor, manufacturer |
Biblioteca Nueva ; |
| Place of production, publication, distribution, manufacture |
[México] : |
| Name of producer, publisher, distributor, manufacturer |
Siglo XXI editores, s.a., |
| Date of production, publication, distribution, manufacture, or copyright notice |
c2012. |
| 300 ## - PHYSICAL DESCRIPTION |
| Extent |
1 online resource (152 pages) |
| 336 ## - CONTENT TYPE |
| Content type term |
text |
| Content type code |
txt |
| Source |
rdacontent |
| 337 ## - MEDIA TYPE |
| Media type term |
computer |
| Media type code |
c |
| Source |
rdamedia |
| 338 ## - CARRIER TYPE |
| Carrier type term |
online resource |
| Carrier type code |
cr |
| Source |
rdacarrier |
| 490 1# - SERIES STATEMENT |
| Series statement |
Biblioteca Clásica de Siglo XXI. |
| 500 ## - GENERAL NOTE |
| General note |
Translation of: Historie de la sexualité I: la volonté de savoir. Paris: Éditions Gallimard, 1970. 1st Spanish ed, : Mexico: Siglo XXI Editores, 1977. |
| 504 ## - BIBLIOGRAPHY, ETC. NOTE |
| Bibliography, etc. note |
Includes bibliographical references. |
| 650 #0 - SUBJECT ADDED ENTRY--TOPICAL TERM |
| Topical term or geographic name entry element |
Sex customs |
| General subdivision |
History. |
| 650 #0 - SUBJECT ADDED ENTRY--TOPICAL TERM |
| Topical term or geographic name entry element |
Sexual ethics |
| General subdivision |
History. |
| 655 #0 - INDEX TERM--GENRE/FORM |
| Genre/form data or focus term |
Electronic books. |
| 700 1# - ADDED ENTRY--PERSONAL NAME |
| Personal name |
Guiñazú, Ulises. |
| 791 2# - |
| -- |
Digitalia (Firm), |
| -- |
distributor. |
| 793 0# - |
| -- |
Digitalia eBook Collection: |
| -- |
Biblioteca Nueva |
| 830 #0 - SERIES ADDED ENTRY--UNIFORM TITLE |
| Uniform title |
Biblioteca Clásica de Siglo XXI (Siglo XXI Editores (Firm)) |
| 856 40 - ELECTRONIC LOCATION AND ACCESS |
| Materials specified |
Digitalia Hispánica |
| Uniform Resource Identifier |
<a href="https://www.digitaliapublishing.com/a/17611/">https://www.digitaliapublishing.com/a/17611/</a> |
| 910 ## - USER-OPTION DATA (OCLC) |
| User-option data |
Premium Collection: 2007-2012 |
| 942 ## - ADDED ENTRY ELEMENTS (KOHA) |
| Koha item type |
Recurso Electrónico |